00469nam a2200157Ia 4500008004100000020001800041082001400059100002000073245004700093250000800140260004200148300003100190500001900221600002100240650005000261240925s9999 xx 000 0 und d a9788177583670 a006.3 RUS aRussell, Stuart 0aArtificial Intelligence: a modern approach a2nd aNew Delhi:bPearson Educationc,2009. aVarious pagesb0fOriginal aIncludes Index aComputer Science aComputer science, information & general works